| 000 | 01955nam a2200313 a 4500 | ||
|---|---|---|---|
| 001 | 000014884 | ||
| 003 | DO-SdBNP | ||
| 005 | 20170224102319.0 | ||
| 008 | 100127s2008 dr abd 001 0 spa d | ||
| 020 | _a9945859501 | ||
| 040 |
_aBPMSU _bspa _cBPMSU |
||
| 092 |
_a333.95 _bF727a, 2008 |
||
| 111 | 2 |
_aForo sobre Desarrollo Humano _d(1: 2006: _cSanto Domingo ) |
|
| 245 | 1 | 0 |
_aÁreas protegidas y desarrollo humano : _b¿por qué proteger a una iguana cuando hay niños desnutridos ? / _ccoordinación general Rosa Cañete Alonso y Miguel Silva. |
| 250 | _a2a. ed. | ||
| 260 |
_aSanto Domingo : _bPNUD, _c2008. |
||
| 300 |
_a157 p. : _bil., gráf., mapas _c23 cm. |
||
| 504 | _aBibliografía ; p. 147 151 | ||
| 505 | 0 | _aPrólogo -- Introducción -- Áreas protegidas y desarrollo humano -- El Sistema Nacional de Áreas Protegidas de República Dominicana (1956-2006): 50 años de evolución histórica hacia el desarrollo humano -- Conflictos entre involucrados con el uso y gestión de las áreas protegidas -- Participación del público y respuestas de los expositores -- Las experiencias exitosas de Bolivia, Bostwana, Perú, Ghana y Congo -- El programa de pequeños subsidios: su contribución al desarrollo y empoderamiento local --Reserva científica Loma Quita Espuela, provincia Duarte -- Monumento natural Salto del Limón, provincia Samaná -- Participación del público -- Conclusión -- Notas -- Bibliografía -- Anexos. | |
| 650 | 4 |
_aÁREAS PROTEGIDAS _zREPÚBLICA DOMINICANA _xCONGRESOS, CONFERENCIAS, ETC. |
|
| 650 | 4 |
_aCONSERVACIÓN RECURSOS NATURALES _zREPÚBLICA DOMINICANA _xCONGRESOS, CONFERENCIAS, ETC. |
|
| 650 | 4 |
_aPARQUES NACIONALES _zREPÚBLICA DOMINICANA _xCONGRESOS, CONFERENCIAS, ETC. |
|
| 700 | 1 | 2 |
_aSilva, Miguel, _ecoor. |
| 700 | 1 | 2 |
_aCañete Alonso, Rosa, _ecoor. |
| 710 | 2 | _aPrograma de las Naciones Unidas para el Desarrollo | |
| 910 | _a | ||
| 942 |
_2ddc _cBK |
||
| 956 |
_aVMATEO _b10 _c20170224 _lBPMSU _h0069 |
||
| 999 |
_c12559 _d12559 |
||